Countries by Satellite Image #2 - Statistics

General Stats
  • This quiz has been taken 70,270 times
  • The average score is 11 of 16
Answer Stats
Picture Answer % Correct
Egypt
99%
South Africa
97%
Cyprus
93%
Cuba
89%
Iran
86%
Israel
71%
Nepal
71%
Netherlands
70%
Finland
67%
Bangladesh
65%
North Korea
63%
Ecuador
60%
Singapore
56%
Kuwait
54%
Bahrain
51%
Guinea-Bissau
31%
No matching quizzes found
Score Distribution
Percent of People with Each Score
Percentile by Number Answered
Your Score History
You have not taken this quiz